| 000 | 00757cam a22002651 4500 | ||
|---|---|---|---|
| 001 | 6090851 | ||
| 003 | ARRUPE | ||
| 005 | 20160223085337.0 | ||
| 008 | 720821s1961 xx 000 0 eng | ||
| 010 | _a 61007288 | ||
| 035 | _a(OCoLC)386048 | ||
| 040 |
_aDLC _cODaWU _dDLC |
||
| 042 | _apremarc | ||
| 050 | 0 | 0 |
_aBX1374 _b.G3 |
| 100 | 1 |
_aGargan, Edward T., _d1922- _922158 |
|
| 245 | 1 | 0 | _aLeo XIII and the modern world. |
| 260 |
_aNew York, _bSheed and Ward _c[1961] |
||
| 300 | _a246 p. | ||
| 500 | _aPublished originally in 1961 | ||
| 501 | _aKissinger Publishing | ||
| 504 | _aBibliography: p. [227]-242. | ||
| 600 | 0 | 0 |
_aLeo _bXIII, _cPope, _d1810-1903. _922159 |
| 906 |
_a7 _bcbc _coclcrpl _du _encip _f19 _gy-gencatlg |
||
| 942 |
_2lcc _cMONOGRAPH |
||
| 999 |
_c124124 _d124124 |
||